| 000 | 00836 a2200217 4500 | ||
|---|---|---|---|
| 008 | 080822t xxu||||| |||| 00| 0 eng d | ||
| 010 | _aENG-85079 | ||
| 020 |
_a8188689696 _c695.00 |
||
| 035 | _aEN-68612 | ||
| 037 | _bD.B.Act / Pub | ||
| 082 | _a620.163 | ||
| 100 | _aCourtney, Thomas H. | ||
| 245 |
_aMechanical behaviour of materials _cby Thomas H. Courtney |
||
| 250 | _a2nd ed. | ||
| 260 |
_aNew Delhi _bOverseas Press India _c2006 |
||
| 270 |
_a7/28, Ansari Road, Darya Ganj _bNew Delhi _e110 002 _moverseas@de13.vsnl.nic.in |
||
| 300 |
_axvi, 733p. _b24cm.(Pbk) |
||
| 500 | _aincludes index | ||
| 942 |
_adpl _cEN _k620.163 / COU _2ddc _h620.163 _mCOU |
||
| 999 |
_c1191 _d1191 |
||